| 000 | 02759nam0a2200397 4500 | ||
|---|---|---|---|
| 001 | RU\NLR\BIBL_A\011766799 | ||
| 005 | 20180828162416.0 | ||
| 010 |
_a978-5-89971-648-5 _9300 |
||
| 021 |
_aRU _bКН-П-18-049895 _9КН-П-18-3598 |
||
| 035 | _a(NLR Aleph) 011766799 | ||
| 035 | _a(RuMoRGB)009682044 | ||
| 090 |
_a11706114 _c11706114 |
||
| 100 | _a20180810d2018 u y0rusy50 ca | ||
| 101 | 0 | _arus | |
| 102 | _aRU | ||
| 105 | _aa j 000zy | ||
| 200 | 1 |
_aЭлектроника и микросхемотехника _eучебное пособие _fА. В. Хомяков _gМинистерство науки и высшего образования Российской Федерации, Федеральное государственное бюджетное образовательное учреждение высшего образования "Кубанский государственный технологический университет", Армавирский механико-технологический институт |
|
| 210 |
_aАрмавир _cАрмавирский государственный педагогический университет _d2018 |
||
| 215 |
_a91 с. _cил. _d20 |
||
| 313 | _aРассмотрены цифро-аналоговые и аналого-цифровые преобразователи, ПЛИС, микропроцессоры | ||
| 320 | _aБиблиогр.: с. 88 (11 назв.) | ||
| 606 | 1 |
_aСхемотехника _jУчебные издания для высших учебных заведений _92223437 _3RU\NLR\AUTH\661334947 |
|
| 606 | 1 |
_aЦифро-аналоговые преобразователи _jУчебные издания для высших учебных заведений _92298460 _3RU\NLR\AUTH\661376198 |
|
| 606 | 1 |
_aАналого-цифровые преобразователи _jУчебные издания для высших учебных заведений _92204762 _3RU\NLR\AUTH\661324690 |
|
| 606 | 1 |
_aПрограммируемые логические интегральные схемы _jУчебные издания для высших учебных заведений _92102330 _3RU\NLR\AUTH\661271331 |
|
| 606 | 1 |
_aМикропроцессоры _jУчебные издания для высших учебных заведений _91329020 _3RU\NLR\AUTH\66237595 |
|
| 686 | 1 | _aЗ844-015я73-1 | |
| 686 | 1 | _aЗ844.15я73-1 | |
| 686 | 1 | _aЗ973.3-044.42я73-1 | |
| 686 | 1 | _aЗ973.26я73-1 | |
| 700 | 1 |
_aХомяков _bА. В. _gАлександр Владимирович |
|
| 942 | _cBOOK | ||
| 980 | _aNBR | ||
| 980 | _aNB | ||